000 00526nam a2200193 u 4500
005 20210223131515.0
008 110412s1999 es r 000 0 spa d
020 _a8420790613
035 _aUPN01000180290
049 _aCG
050 4 _aGV571
_bC3.3
100 1 _aCalderón, Emilio,
_d1960-
_931615
245 1 0 _aDeporte y límites /
_cEmilio Calderón.
260 _aMadrid :
_bAnaya,
_c1999.
300 _a103 p. :
_bil. col.
440 0 _aPunto de referencia
650 4 _aDEPORTES -
_xHISTORIA
_912180
905 _aLibro
999 _c152393
_d152393